LEADER 00866nam0 2200277 450 001 000003104 005 20080924102657.0 010 $a88-7794-220-7 100 $a20010925d2000----km-y0itay50------ba 101 0 $aita 102 $aIT 105 $aa-------001yy 200 1 $aEconomia e politica del petrolio$fAlberto Clo 205 $a2. ed. 210 $aBologna$cCompositori$dc2000 215 $aXIV, 405 p.$cill., graf.$d25 cm 610 1 $aStudi industriali:industrie estrattive 610 1 $aIndustria petrolifera$a1930-2000 610 1 $aPetrolio$aEconomia$a1930-2000 676 $a338.27282$v21$9Estrazione dei minerali. Petrolio 700 1$aClo,$bAlberto$0447982 801 0$aIT$bUNIPARTHENOPE$gRICA$2UNIMARC 912 $a000003104 951 $a632/7$b9473$cNAVA2$d20010925 996 $aEconomia e politica del petrolio$9999433 997 $aUNIPARTHENOPE